000 00291nam a22001337a 4500
008 170714b xxu||||| |||| 00| 0 eng d
020 _a9780199844739
041 _aeng
080 _a16
100 _a17
101 _aFIL
245 _aNO LONGER INVISIBLE
_cJACOBSEN.D
942 _2udc
_cBK
999 _c20710
_d20710